[Event "GER-ch Seniors 65"]
[Site "Hamburg"]
[Date "2018.07.28"]
[Round "8"]
[White "Maczollek, Helmut"]
[Black "Kolkwitz, Klaus"]
[Result "1/2-1/2"]
[WhiteElo "1557"]
[BlackElo "1810"]
[PlyCount "37"]
[EventDate "2018.07.21"]
[EventType "swiss"]
[EventRounds "9"]
[EventCountry "GER"]
[SourceTitle "CBM 186 Extra"]
[Source "ChessBase"]
[SourceDate "2018.08.24"]
[SourceVersion "1"]
[SourceVersionDate "2018.08.24"]
[SourceQuality "1"]

1. d4 f5 2. Nf3 d6 3. Nbd2 Nf6 4. e3 g6 5. c3 Bg7 6. Bc4 e6 7. Qb3 d5 8. Be2 0-0 9. Ne5 Nbd7 10. f4 c5 11. 0-0 Qb6 12. Nxd7 Bxd7 13. Nf3 c4 14. Qxb6 axb6 15. Bd1 Bb5 16. b3 Rfc8 17. b4 Ne4 18. Bb2 h6 19. Bc2 1/2-1/2

[Event "GER-ch Seniors 65"]
[Site "Hamburg"]
[Date "2018.07.27"]
[Round "7"]
[White "Kolkwitz, Klaus"]
[Black "Narr, Irmgard"]
[Result "1/2-1/2"]
[WhiteElo "1810"]
[BlackElo "1653"]
[PlyCount "37"]
[EventDate "2018.07.21"]
[EventType "swiss"]
[EventRounds "9"]
[EventCountry "GER"]
[SourceTitle "CBM 186 Extra"]
[Source "ChessBase"]
[SourceDate "2018.08.24"]
[SourceVersion "1"]
[SourceVersionDate "2018.08.24"]
[SourceQuality "1"]

1. d4 Nf6 2. Nf3 b6 3. e3 Bb7 4. Be2 e6 5. Nbd2 Be7 6. 0-0 0-0 7. Ne5 Nc6 8. Nxc6 Bxc6 9. Bf3 Bxf3 10. Qxf3 d5 11. c3 c6 12. e4 dxe4 13. Nxe4 Nxe4 14. Qxe4 Qd5 15. Qxd5 cxd5 16. Bf4 b5 17. a3 a6 18. Rfe1 Rac8 19. Re3 1/2-1/2

[Event "GER-ch Seniors 65"]
[Site "Hamburg"]
[Date "2018.07.26"]
[Round "6"]
[White "Strampfer, Jens"]
[Black "Kolkwitz, Klaus"]
[Result "1-0"]
[WhiteElo "1958"]
[BlackElo "1810"]
[PlyCount "101"]
[EventDate "2018.07.21"]
[EventType "swiss"]
[EventRounds "9"]
[EventCountry "GER"]
[SourceTitle "CBM 186 Extra"]
[Source "ChessBase"]
[SourceDate "2018.08.24"]
[SourceVersion "1"]
[SourceVersionDate "2018.08.24"]
[SourceQuality "1"]

1. b3 Nf6 2. Bb2 d6 3. f4 b6 4. e3 Bb7 5. Nf3 Nbd7 6. c4 g6 7. d4 Bg7 8. Nc3 0-0 9. Bd3 e6 10. e4 Re8 11. e5 Ng4 12. Qe2 Nh6 13. Ne4 dxe5 14. dxe5 Nf5 15. 0-0-0 Qe7 16. g4 Nh4 17. Nd4 Nc5 18. Rhe1 a5 19. Nb5 a4 20. Nxc5 bxc5 21. Be4 Bxe4 22. Qxe4 axb3 23. axb3 f5 24. Qc6 fxg4 25. Rd7 Qf8 26. Re4 Rad8 27. Rxd8 Rxd8 28. Qxe6+ Qf7 29. Qxf7+ Kxf7 30. e6+ Kg8 31. e7 Bxb2+ 32. Kxb2 Re8 33. Nxc7 Kf7 34. Nxe8 Kxe8 35. Re5 Nf3 36. Re2 h5 37. Kc3 Nd4 38. Rg2 Nf5 39. b4 cxb4+ 40. Kxb4 Kxe7 41. c5 Nd4 42. Ka5 Ke6 43. Kb6 Kf5 44. Rd2 Ne6 45. c6 h4 46. Rd6 g3 47. Rxe6 Kxe6 48. hxg3 hxg3 49. c7 Kf5 50. c8Q+ Kxf4 51. Qb7 1-0

[Event "GER-ch Seniors 65"]
[Site "Hamburg"]
[Date "2018.07.21"]
[Round "1"]
[White "Kolkwitz, Klaus"]
[Black "Partenheimer, Axel"]
[Result "0-1"]
[WhiteElo "1810"]
[BlackElo "2161"]
[PlyCount "26"]
[EventDate "2018.07.21"]
[EventType "swiss"]
[EventRounds "9"]
[EventCountry "GER"]
[SourceTitle "CBM 186 Extra"]
[Source "ChessBase"]
[SourceDate "2018.08.24"]
[SourceVersion "1"]
[SourceVersionDate "2018.08.24"]
[SourceQuality "1"]

1. d4 d5 2. Nf3 Nf6 3. e3 c6 4. Bd3 Bg4 5. Nbd2 e6 6. c3 Nbd7 7. Qc2 Bd6 8. e4 dxe4 9. Nxe4 Nxe4 10. Bxe4 Nf6 11. h3 Bh5 12. Ne5 Bxe5 13. dxe5 Nxe4 0-1

[Event "Schleswig Holstein-ch Seniors op 11th"]
[Site "Buesum"]
[Date "2017.09.10"]
[Round "3"]
[White "Graffenberger, Wilhelm"]
[Black "Kolkwitz, Klaus"]
[Result "0-1"]
[WhiteElo "1651"]
[BlackElo "1836"]
[PlyCount "64"]
[EventDate "2017.09.08"]
[EventType "swiss"]
[EventRounds "9"]
[EventCountry "GER"]
[SourceTitle "EXT 2019"]
[Source "ChessBase"]
[SourceDate "2018.10.10"]
[SourceVersion "1"]
[SourceVersionDate "2018.10.10"]
[SourceQuality "1"]

1. d4 d6 2. Nf3 g6 3. e3 Bg7 4. Bd3 Nd7 5. c3 Ngf6 6. 0-0 0-0 7. Re1 e5 8. e4 c5 9. Bd2 Qc7 10. d5 Nb6 11. Bg5 h6 12. Bh4 Nh5 13. Nfd2 Qd7 14. f3 Nf4 15. Bg3 g5 16. c4 Qe7 17. Nc3 h5 18. Ne2 Bh6 19. b3 Kh8 20. Kh1 h4 21. Nxf4 gxf4 22. Bf2 Qg5 23. Rg1 h3 24. Qf1 Qh5 25. Be1 hxg2+ 26. Qxg2 Bh3 27. Qf2 Rg8 28. Qh4 Rxg1+ 29. Kxg1 Rg8+ 30. Kh1 Bg2+ 31. Kg1 Bxf3+ 32. Kf1 Be2+ 0-1

[Event "Schleswig Holstein-ch Seniors op 11th"]
[Site "Buesum"]
[Date "2017.09.09"]
[Round "2"]
[White "Kolkwitz, Klaus"]
[Black "Niebling, Ferdinand"]
[Result "0-1"]
[WhiteElo "1836"]
[BlackElo "2059"]
[PlyCount "44"]
[EventDate "2017.09.08"]
[EventType "swiss"]
[EventRounds "9"]
[EventCountry "GER"]
[SourceTitle "EXT 2019"]
[Source "ChessBase"]
[SourceDate "2018.10.10"]
[SourceVersion "1"]
[SourceVersionDate "2018.10.10"]
[SourceQuality "1"]

1. d4 f5 2. Bf4 d6 3. e3 Nf6 4. Nf3 g6 5. h3 Bg7 6. c3 c6 7. Bd3 0-0 8. Nbd2 Kh8 9. Qc2 Qe8 10. g4 Na6 11. gxf5 Bxf5 12. e4 Nh5 13. Be3 Bd7 14. 0-0-0 Nf4 15. Bxf4 Rxf4 16. Rdg1 Qf7 17. Ng5 Qxa2 18. Nb3 Raf8 19. Rh2 c5 20. Bxa6 bxa6 21. dxc5 Ba4 22. cxd6 exd6 0-1

[Event "Berlin-ch Seniors op 33rd"]
[Site "Berlin"]
[Date "2017.02.08"]
[Round "8"]
[White "Poeltelt, Helmut"]
[Black "Kolkwitz, Klaus"]
[Result "1/2-1/2"]
[WhiteElo "1726"]
[BlackElo "1829"]
[PlyCount "30"]
[EventDate "2017.01.31"]
[EventType "swiss"]
[EventRounds "9"]
[EventCountry "GER"]
[SourceTitle "EXT 2019"]
[Source "ChessBase"]
[SourceDate "2018.10.10"]
[SourceVersion "1"]
[SourceVersionDate "2018.10.10"]
[SourceQuality "1"]

1. e4 g6 2. d4 Bg7 3. f4 d6 4. Nf3 c6 5. Bd3 Nd7 6. Nc3 e5 7. dxe5 dxe5 8. f5 Nc5 9. fxg6 hxg6 10. Be3 Nxd3+ 11. Qxd3 Qxd3 12. cxd3 Bg4 13. 0-0-0 Bxf3 14. gxf3 Bh6 15. Bxh6 Rxh6 1/2-1/2

[Event "Berlin-ch Seniors op 33rd"]
[Site "Berlin"]
[Date "2017.01.31"]
[Round "1"]
[White "Kolkwitz, Klaus"]
[Black "Walther, Lothar O"]
[Result "1-0"]
[WhiteElo "1829"]
[BlackElo "1491"]
[PlyCount "70"]
[EventDate "2017.01.31"]
[EventType "swiss"]
[EventRounds "9"]
[EventCountry "GER"]
[SourceTitle "EXT 2019"]
[Source "ChessBase"]
[SourceDate "2018.10.10"]
[SourceVersion "1"]
[SourceVersionDate "2018.10.10"]
[SourceQuality "1"]

1. d4 Nf6 2. Nf3 d6 3. e3 g6 4. c3 Bg7 5. Be2 0-0 6. Nbd2 Nbd7 7. 0-0 c5 8. e4 Re8 9. Qb3 e6 10. e5 dxe5 11. Nxe5 Nxe5 12. dxe5 Nd7 13. f4 b6 14. Ne4 Qc7 15. Be3 Bb7 16. Nd6 Red8 17. Nxb7 Qxb7 18. Bf3 Qc7 19. Bxa8 Rxa8 20. Rad1 Re8 21. Rd2 f6 22. Rfd1 Nf8 23. Qa4 Re7 24. exf6 Bxf6 25. g3 Rf7 26. Qe4 Kg7 27. g4 c4 28. g5 Be7 29. Bd4+ Kg8 30. Bc5 Bxc5+ 31. Kg2 Qb7 32. Qxb7 Rxb7 33. Kf3 a5 34. Rd8 Kf7 35. Rb8 Rd7 1-0

[Event "Schleswig Holstein-ch Seniors op 10th"]
[Site "Buesum"]
[Date "2016.10.03"]
[Round "8"]
[White "Kolkwitz, Klaus"]
[Black "Samarian, Cornel"]
[Result "1-0"]
[WhiteElo "1768"]
[BlackElo "1668"]
[PlyCount "113"]
[EventDate "2016.09.26"]
[EventType "swiss"]
[EventRounds "9"]
[EventCountry "GER"]
[SourceTitle "EXT 2019"]
[Source "ChessBase"]
[SourceDate "2018.10.10"]
[SourceVersion "1"]
[SourceVersionDate "2018.10.10"]
[SourceQuality "1"]

1. d4 d5 2. Nf3 Nf6 3. e3 a6 4. Bd3 g6 5. 0-0 Bg7 6. Nbd2 0-0 7. Ne5 Nbd7 8. f4 Nxe5 9. fxe5 Ne8 10. c3 f5 11. Nf3 e6 12. Bd2 Rf7 13. Be1 Bf8 14. Rc1 c6 15. c4 a5 16. cxd5 exd5 17. Qa4 Ng7 18. Qc2 Be7 19. a3 Ne6 20. b4 axb4 21. Bxb4 Kg7 22. Ra1 Rf8 23. Rfb1 Bxb4 24. axb4 Rxa1 25. Rxa1 Bd7 26. Qa2 Qb8 27. Qa7 h6 28. Qxb8 Rxb8 29. Ra7 Nd8 30. Nd2 Kf8 31. Nb3 Ne6 32. Nc5 Nxc5 33. bxc5 Ke7 34. Kf2 Kd8 35. g4 Kc7 36. gxf5 gxf5 37. Ra1 Rf8 38. Rg1 f4 39. e4 h5 40. Rg7 Kd8 41. Rg6 Bg4 42. exd5 cxd5 43. Rf6 Rxf6 44. exf6 Kd7 45. Bh7 Ke6 46. Bg8+ Kxf6 47. Bxd5 Bc8 48. h4 Kf5 49. Kf3 Kf6 50. Kxf4 Ke7 51. Bf3 Kd8 52. Bxh5 Kc7 53. Bf3 b6 54. cxb6+ Kxb6 55. Ke5 Kc7 56. h5 Ba6 57. h6 1-0

[Event "Schleswig Holstein-ch Seniors op 10th"]
[Site "Buesum"]
[Date "2016.10.02"]
[Round "7"]
[White "Nebel, Uwe"]
[Black "Kolkwitz, Klaus"]
[Result "1-0"]
[WhiteElo "1923"]
[BlackElo "1768"]
[PlyCount "77"]
[EventDate "2016.09.26"]
[EventType "swiss"]
[EventRounds "9"]
[EventCountry "GER"]
[SourceTitle "EXT 2019"]
[Source "ChessBase"]
[SourceDate "2018.10.10"]
[SourceVersion "1"]
[SourceVersionDate "2018.10.10"]
[SourceQuality "1"]

1. e4 b6 2. Nc3 Bb7 3. Nf3 e6 4. d4 Nf6 5. Bd3 d6 6. Qe2 Be7 7. Bd2 Nbd7 8. e5 Nd5 9. Nxd5 Bxd5 10. 0-0 Bxf3 11. Qxf3 d5 12. Qg3 g6 13. f4 c5 14. c3 Kf8 15. Qh3 Kg8 16. f5 exf5 17. Bxf5 Nf8 18. e6 f6 19. Bd3 g5 20. Qf5 Qe8 21. Rae1 Rd8 22. Qh3 Ng6 23. Qh6 Bf8 24. Qh3 Be7 25. Rf5 Rd6 26. Rf2 Nf8 27. Bf5 Ng6 28. Qg3 Nh4 29. Bd3 Ng6 30. Rxf6 cxd4 31. cxd4 Bxf6 32. Qxd6 Bxd4+ 33. Kh1 Qe7 34. Qxd5 Bf6 35. Rf1 Nf4 36. Bxf4 gxf4 37. Rxf4 Bxb2 38. Rf7 Qh4 39. Qa8+ 1-0

[Event "Schleswig Holstein-ch Seniors op 10th"]
[Site "Buesum"]
[Date "2016.09.28"]
[Round "3"]
[White "Bullert, Wolfgang"]
[Black "Kolkwitz, Klaus"]
[Result "1/2-1/2"]
[WhiteElo "1913"]
[BlackElo "1768"]
[PlyCount "24"]
[EventDate "2016.09.26"]
[EventType "swiss"]
[EventRounds "9"]
[EventCountry "GER"]
[SourceTitle "EXT 2019"]
[Source "ChessBase"]
[SourceDate "2018.10.10"]
[SourceVersion "1"]
[SourceVersionDate "2018.10.10"]
[SourceQuality "1"]

1. e4 d6 2. Nc3 Nf6 3. d4 g6 4. Be2 c6 5. h4 e5 6. dxe5 dxe5 7. Qxd8+ Kxd8 8. Bg5 Be7 9. 0-0-0+ Kc7 10. Nf3 h6 11. Nxe5 hxg5 12. Nxf7 Rxh4 1/2-1/2

[Event "Schleswig Holstein-ch Seniors op 10th"]
[Site "Buesum"]
[Date "2016.09.26"]
[Round "1"]
[White "Lehmann, Erwin"]
[Black "Kolkwitz, Klaus"]
[Result "1/2-1/2"]
[WhiteElo "2038"]
[BlackElo "1768"]
[PlyCount "112"]
[EventDate "2016.09.26"]
[EventType "swiss"]
[EventRounds "9"]
[EventCountry "GER"]
[SourceTitle "EXT 2019"]
[Source "ChessBase"]
[SourceDate "2018.10.10"]
[SourceVersion "1"]
[SourceVersionDate "2018.10.10"]
[SourceQuality "1"]

1. c4 e5 2. g3 d6 3. Bg2 Nc6 4. e4 Be6 5. d3 Qd7 6. Nc3 Nd8 7. b4 c6 8. a4 d5 9. cxd5 Bxb4 10. Bd2 cxd5 11. Nxd5 Bxd2+ 12. Qxd2 Bxd5 13. exd5 Nf6 14. Ne2 Nxd5 15. Qa5 Ne7 16. Qxe5 0-0 17. Qb5 Ndc6 18. 0-0 a6 19. Qb3 Rab8 20. a5 Nd4 21. Nxd4 Qxd4 22. Ra4 Qa7 23. Rb1 Nc6 24. Bd5 Nd4 25. Qb2 Nb5 26. Bc4 Nd6 27. Rb4 Qa8 28. Rb6 Nxc4 29. dxc4 g6 30. Rxb7 Rxb7 31. Qxb7 Qxb7 32. Rxb7 Rc8 33. Rb6 Rxc4 34. Rxa6 Ra4 35. Ra8+ Kg7 36. a6 Kf6 37. a7 h5 38. h4 Kf5 39. f3 Ra2 40. Kf1 Kf6 41. Ke1 Ke7 42. Kd1 Kf6 43. Kc1 Ke7 44. Kb1 Ra6 45. Kb2 Rb6+ 46. Kc3 Ra6 47. Kd4 Ra1 48. Ke5 Ra5+ 49. Kf4 Kf6 50. g4 hxg4 51. fxg4 Ra4+ 52. Ke3 Ra1 53. Kd3 Kg7 54. Kc3 Ra5 55. Kb4 Ra1 56. Kc5 Rc1+ 1/2-1/2

[Event "Berlin-ch Seniors op 32nd"]
[Site "Berlin"]
[Date "2016.02.04"]
[Round "9"]
[White "Tuertmann, Dieter"]
[Black "Kolkwitz, Klaus"]
[Result "1/2-1/2"]
[WhiteElo "2015"]
[BlackElo "1842"]
[PlyCount "91"]
[EventDate "2016.01.26"]
[EventType "swiss"]
[EventRounds "9"]
[EventCountry "GER"]
[SourceTitle "EXT 2019"]
[Source "ChessBase"]
[SourceDate "2018.10.10"]
[SourceVersion "1"]
[SourceVersionDate "2018.10.10"]
[SourceQuality "1"]

1. e4 d6 2. Nc3 g6 3. g3 Bg7 4. Bg2 e5 5. Nge2 Nc6 6. 0-0 Be6 7. d3 Qd7 8. a4 a5 9. Nd5 Nge7 10. c3 0-0 11. Be3 Rac8 12. Qd2 Bh3 13. Nxe7+ Nxe7 14. f3 Bxg2 15. Kxg2 f5 16. c4 b6 17. b4 axb4 18. Qxb4 Rf7 19. Ng1 Nc6 20. Qd2 Ra8 21. Ra2 fxe4 22. dxe4 Nd4 23. Qb4 Nc6 24. Qc3 Nd4 25. Rfa1 Nc6 26. Bd2 Na5 27. Qd3 Qc6 28. Qd5 Qxd5 29. cxd5 c5 30. dxc6 Nxc6 31. Rc1 Nd4 32. Be3 Rfa7 33. Rb1 Rxa4 34. Rxa4 Rxa4 35. Rxb6 Bf8 36. Rb2 h5 37. h4 Kf7 38. Rd2 Nb3 39. Rb2 Nc5 40. Rc2 Nd3 41. Kf1 Nb4 42. Rd2 Ke6 43. Ne2 d5 44. exd5+ Nxd5 45. Rxd5 Ra1+ 46. Kf2 1/2-1/2

[Event "Schleswig Holstein-ch Seniors op 9th"]
[Site "Buesum"]
[Date "2015.10.06"]
[Round "8"]
[White "Kolkwitz, Klaus"]
[Black "Schuller, Erhard"]
[Result "1/2-1/2"]
[WhiteElo "1849"]
[BlackElo "1733"]
[PlyCount "38"]
[EventDate "2015.09.28"]
[EventType "swiss"]
[EventRounds "9"]
[EventCountry "GER"]
[SourceTitle "EXT 2018"]
[Source "ChessBase"]
[SourceDate "2017.10.13"]
[SourceVersion "1"]
[SourceVersionDate "2017.10.13"]
[SourceQuality "1"]

1. d4 Nf6 2. Bf4 d5 3. e3 Bf5 4. Bd3 Bxd3 5. Qxd3 c6 6. Nf3 h6 7. Nbd2 Nbd7 8. Ne5 Nxe5 9. Bxe5 e6 10. Nf3 Bd6 11. Bg3 Bxg3 12. hxg3 Qa5+ 13. c3 Qb5 14. Qxb5 cxb5 15. a4 bxa4 16. Rxa4 Ke7 17. Ke2 Nd7 18. Rha1 a6 19. c4 dxc4 1/2-1/2

[Event "Schleswig Holstein-ch Seniors op 9th"]
[Site "Buesum"]
[Date "2015.10.04"]
[Round "6"]
[White "Kolkwitz, Klaus"]
[Black "Stratmann, Dietrich"]
[Result "1-0"]
[WhiteElo "1849"]
[BlackElo "1677"]
[PlyCount "67"]
[EventDate "2015.09.28"]
[EventType "swiss"]
[EventRounds "9"]
[EventCountry "GER"]
[SourceTitle "EXT 2018"]
[Source "ChessBase"]
[SourceDate "2017.10.13"]
[SourceVersion "1"]
[SourceVersionDate "2017.10.13"]
[SourceQuality "1"]

1. d4 Nf6 2. Bf4 d5 3. e3 e6 4. Nd2 Bd6 5. Bg3 Bxg3 6. hxg3 Bd7 7. Ngf3 a6 8. Ne5 Bb5 9. c4 dxc4 10. Bxc4 Bxc4 11. Ndxc4 Qd5 12. f3 Nc6 13. Nxc6 bxc6 14. Rc1 Nd7 15. Qa4 Qb5 16. Qc2 f5 17. b3 Qb4+ 18. Nd2 c5 19. dxc5 c6 20. Rh4 Qb8 21. Kf2 g5 22. Rd4 Ne5 23. Rd6 Ke7 24. Nc4 Nxc4 25. Qxc4 Qc8 26. Rcd1 Ra7 27. Qd4 Rg8 28. Rh1 Rf8 29. Qg7+ Rf7 30. Qxg5+ Ke8 31. Qg8+ Rf8 32. Rxe6+ Re7 33. Rxe7+ Kxe7 34. Rxh7+ 1-0

[Event "Schleswig Holstein-ch Seniors op 9th"]
[Site "Buesum"]
[Date "2015.09.30"]
[Round "3"]
[White "Ophoff, Rigobert"]
[Black "Kolkwitz, Klaus"]
[Result "1/2-1/2"]
[WhiteElo "2009"]
[BlackElo "1849"]
[PlyCount "54"]
[EventDate "2015.09.28"]
[EventType "swiss"]
[EventRounds "9"]
[EventCountry "GER"]
[SourceTitle "EXT 2018"]
[Source "ChessBase"]
[SourceDate "2017.10.13"]
[SourceVersion "1"]
[SourceVersionDate "2017.10.13"]
[SourceQuality "1"]

1. d4 g6 2. c4 Bg7 3. Nc3 d6 4. e4 c6 5. f3 e6 6. Be3 Ne7 7. Qd2 0-0 8. Bd3 Na6 9. Nge2 Nb4 10. Bb1 Na6 11. a3 Nc7 12. Bd3 e5 13. d5 f5 14. 0-0-0 fxe4 15. fxe4 Ne8 16. h3 Nf6 17. g4 Bd7 18. Rdf1 b5 19. dxc6 Bxc6 20. cxb5 Bb7 21. g5 Nh5 22. Bc4+ Kh8 23. Kb1 Qc7 24. Bd5 Nxd5 25. Nxd5 Qc4 26. Rxf8+ Rxf8 27. Nec3 Ng3 1/2-1/2

[Event "Bayern-ch Seniors op 27th"]
[Site "Bergen"]
[Date "2015.06.15"]
[Round "2"]
[White "Aufmwasser, Guenter"]
[Black "Kolkwitz, Klaus"]
[Result "1/2-1/2"]
[WhiteElo "1494"]
[BlackElo "1670"]
[PlyCount "41"]
[EventDate "2015.06.15"]
[EventType "swiss"]
[EventRounds "9"]
[EventCountry "GER"]
[SourceTitle "EXT 2019"]
[Source "ChessBase"]
[SourceDate "2018.10.10"]
[SourceVersion "1"]
[SourceVersionDate "2018.10.10"]
[SourceQuality "1"]

1. f4 d5 2. Nf3 c6 3. e3 Bf5 4. Be2 e6 5. 0-0 Nf6 6. b3 Be7 7. Bb2 0-0 8. Ne5 h6 9. d3 Nbd7 10. Nd2 Nxe5 11. fxe5 Nd7 12. e4 dxe4 13. Nxe4 Bxe4 14. dxe4 Qc7 15. Qe1 Nxe5 16. Qg3 Qb6+ 17. Kh1 Ng6 18. Bh5 Bg5 19. Bxg6 fxg6 20. h4 Qe3 21. Qg4 1/2-1/2

[Event "Bayern-ch Seniors op 27th"]
[Site "Bergen"]
[Date "2015.06.15"]
[Round "8"]
[White "Laber, Dietrich"]
[Black "Kolkwitz, Klaus"]
[Result "1/2-1/2"]
[WhiteElo "1561"]
[BlackElo "1670"]
[PlyCount "35"]
[EventDate "2015.06.15"]
[EventType "swiss"]
[EventRounds "9"]
[EventCountry "GER"]
[SourceTitle "EXT 2019"]
[Source "ChessBase"]
[SourceDate "2018.10.10"]
[SourceVersion "1"]
[SourceVersionDate "2018.10.10"]
[SourceQuality "1"]

1. Nf3 Nf6 2. d4 d6 3. e3 g6 4. c3 Bg7 5. Bd3 0-0 6. Nbd2 b6 7. 0-0 Nbd7 8. e4 e5 9. Re1 Bb7 10. Nf1 Rc8 11. Ng3 h6 12. h3 c5 13. Be3 c4 14. Bc2 Kh7 15. Rc1 Rc7 16. Bb1 Qa8 17. Nd2 b5 18. f4 1/2-1/2

[Event "Hessen-ch Seniors op 11th"]
[Site "Bad Sooden-Allendorf"]
[Date "2015.05.14"]
[Round "6"]
[White "Kolkwitz, Klaus"]
[Black "Knaak, Hans"]
[Result "1/2-1/2"]
[WhiteElo "1849"]
[BlackElo "1698"]
[PlyCount "74"]
[EventDate "2015.05.09"]
[EventType "swiss"]
[EventRounds "9"]
[EventCountry "GER"]
[SourceTitle "EXT 2018"]
[Source "ChessBase"]
[SourceDate "2017.10.13"]
[SourceVersion "1"]
[SourceVersionDate "2017.10.13"]
[SourceQuality "1"]

1. d4 Nf6 2. Nf3 d6 3. Bf4 g6 4. e3 Bg7 5. Be2 0-0 6. h3 Nbd7 7. 0-0 c5 8. c3 b6 9. Nbd2 Bb7 10. a4 cxd4 11. exd4 Rc8 12. Re1 Nd5 13. Bg3 N7f6 14. Qb3 Qd7 15. Bb5 Bc6 16. Bxc6 Qxc6 17. c4 Nc7 18. Rxe7 a6 19. Qb4 Nfe8 20. Rae1 Ne6 21. d5 Qc5 22. Qxc5 Nxc5 23. b3 Bf6 24. R7e3 Nb7 25. Bf4 Ng7 26. g4 Ne8 27. Ne4 Bg7 28. Neg5 Bf6 29. Nd2 Bd4 30. Re7 Nc5 31. Nge4 Nd3 32. Nf3 Nxf4 33. Nxd4 Nxh3+ 34. Kh2 Nf4 35. Rxe8 Rfxe8 36. Nf6+ Kf8 37. Nxe8 Rxe8 1/2-1/2

[Event "Hessen-ch Seniors op 11th"]
[Site "Bad Sooden-Allendorf"]
[Date "2015.05.09"]
[Round "1"]
[White "Lenk, Wolfgang"]
[Black "Kolkwitz, Klaus"]
[Result "1-0"]
[WhiteElo "2167"]
[BlackElo "1849"]
[PlyCount "59"]
[EventDate "2015.05.09"]
[EventType "swiss"]
[EventRounds "9"]
[EventCountry "GER"]
[SourceTitle "EXT 2018"]
[Source "ChessBase"]
[SourceDate "2017.10.13"]
[SourceVersion "1"]
[SourceVersionDate "2017.10.13"]
[SourceQuality "1"]

1. e4 g6 2. d4 Bg7 3. Nc3 d6 4. Be2 Nf6 5. Be3 0-0 6. g4 Nfd7 7. Qd2 c5 8. d5 Nb6 9. Bh6 N8d7 10. Bxg7 Kxg7 11. h4 Ne5 12. f3 Nbc4 13. Qc1 Qa5 14. f4 Bxg4 15. fxe5 Bxe2 16. Ngxe2 Nxe5 17. Rh3 b5 18. b3 f5 19. Qe3 fxe4 20. Qxe4 Rf5 21. Nf4 Rc8 22. Kd2 c4 23. b4 Qb6 24. Rf1 Kg8 25. h5 Rcf8 26. hxg6 hxg6 27. Nce2 g5 28. Nd4 c3+ 29. Ke2 Qc7 30. Nxf5 1-0

[Event "MVP-ch Seniors op 14th"]
[Site "Binz"]
[Date "2014.12.03"]
[Round "9"]
[White "Kolkwitz, Klaus"]
[Black "Jung, Michael"]
[Result "1/2-1/2"]
[WhiteElo "1732"]
[BlackElo "1592"]
[PlyCount "30"]
[EventDate "2014.11.25"]
[EventType "swiss"]
[EventRounds "9"]
[EventCountry "GER"]
[SourceTitle "EXT 2016"]
[Source "ChessBase"]
[SourceDate "2015.10.08"]
[SourceVersion "1"]
[SourceVersionDate "2015.10.08"]
[SourceQuality "1"]

1. d4 d5 2. Bf4 Nf6 3. e3 a6 4. Bd3 g6 5. Nf3 Bg7 6. Nbd2 Nbd7 7. c3 c5 8. h3 b5 9. 0-0 0-0 10. a4 c4 11. Bc2 Bb7 12. axb5 axb5 13. Rxa8 Qxa8 14. Qa1 Qxa1 15. Rxa1 Ra8 1/2-1/2

[Event "MVP-ch Seniors op 14th"]
[Site "Binz"]
[Date "2014.12.02"]
[Round "8"]
[White "Giering, Gregor"]
[Black "Kolkwitz, Klaus"]
[Result "1-0"]
[WhiteElo "1618"]
[BlackElo "1732"]
[PlyCount "105"]
[EventDate "2014.11.25"]
[EventType "swiss"]
[EventRounds "9"]
[EventCountry "GER"]
[SourceTitle "EXT 2016"]
[Source "ChessBase"]
[SourceDate "2015.10.08"]
[SourceVersion "1"]
[SourceVersionDate "2015.10.08"]
[SourceQuality "1"]

1. Nf3 Nf6 2. e3 g6 3. b3 d6 4. Bb2 Bg7 5. Be2 0-0 6. 0-0 c5 7. d3 Nc6 8. Nbd2 d5 9. d4 cxd4 10. Nxd4 Nxd4 11. Bxd4 e6 12. Rc1 Nd7 13. Bxg7 Kxg7 14. c4 Nf6 15. c5 Bd7 16. Nf3 Rc8 17. Qd4 Kg8 18. Ne5 Bc6 19. b4 a6 20. Qa1 Nd7 21. Nxc6 Rxc6 22. a4 Qe7 23. Qd4 Rfc8 24. Rc3 b6 25. Rfc1 bxc5 26. bxc5 Rxc5 27. Bxa6 Rxc3 28. Rxc3 Rxc3 29. Qxc3 Qc5 30. Qxc5 Nxc5 31. Bb5 Nb7 32. f3 Kf8 33. Kf2 Ke7 34. Ke2 Kd6 35. g4 f6 36. h4 h6 37. f4 g5 38. hxg5 hxg5 39. Bd3 Kc5 40. e4 Kb4 41. e5 fxe5 42. fxg5 Nd6 43. g6 Ne8 44. Bb5 Ng7 45. Ke3 Kc5 46. Bd7 Kd6 47. Bb5 e4 48. a5 e5 49. a6 Kc7 50. a7 Kb7 51. Bc6+ Kxa7 52. Bxd5 Kb6 53. Kxe4 1-0

[Event "MVP-ch Seniors op 14th"]
[Site "Binz"]
[Date "2014.11.29"]
[Round "5"]
[White "Kolkwitz, Klaus"]
[Black "Graffenberger, Wilhelm"]
[Result "1-0"]
[WhiteElo "1732"]
[BlackElo "1537"]
[PlyCount "81"]
[EventDate "2014.11.25"]
[EventType "swiss"]
[EventRounds "9"]
[EventCountry "GER"]
[SourceTitle "EXT 2016"]
[Source "ChessBase"]
[SourceDate "2015.10.08"]
[SourceVersion "1"]
[SourceVersionDate "2015.10.08"]
[SourceQuality "1"]

1. d4 Nf6 2. Nf3 d5 3. e3 g6 4. Nbd2 Nbd7 5. c3 Bg7 6. Be2 0-0 7. 0-0 c5 8. Qc2 c4 9. e4 dxe4 10. Nxe4 Nxe4 11. Qxe4 Nf6 12. Qh4 Qd5 13. Ne5 Qe4 14. Qxe4 Nxe4 15. Bxc4 Nd6 16. Bb3 e6 17. Bf4 Nf5 18. Rad1 Ne7 19. c4 Nc6 20. Nxc6 bxc6 21. Be5 Rd8 22. Bxg7 Kxg7 23. d5 c5 24. Rd3 Rd6 25. Rfd1 e5 26. f3 a5 27. Ba4 Ra7 28. Rb3 Ba6 29. Bb5 a4 30. Rc3 Bc8 31. Ra3 Bf5 32. Rxa4 Bc2 33. Rxa7 Bxd1 34. a4 Bc2 35. a5 e4 36. fxe4 Bxe4 37. Re7 Bd3 38. a6 Rf6 39. Re1 Rd6 40. a7 Rd8 41. Re8 1-0